Les belges en Ligue 1 (2020-2026) - Statistiques

Statistiques générales
  • Ce quiz a été pris 38 fois
  • Le résultat moyen est 9 sur 32
Statistiques - réponses
Nb de saisons Clubs Joueur % Correct
2 Paris-SG (2024-2026) Thomas Meunier
86%
3 Lyon (2023-2026) Malick Fofana
65%
4 Rennes (2020-2024) Jérémy Doku
57%
4 Reims (2020-2023), Monaco (2025-2026) Wout Faes
57%
3 Lyon (2023-2024), Strasbourg (2024-2026) Diego Moreira
49%
1 St-Etienne (2024-2025) Lucas Stassin
49%
1 Lens (2022-2023) Loïs Openda
46%
2 Rennes (2022-2024) Arthur Theate
43%
5 Reims (2020-2021, 2022-2025), Paris FC (2025-2026) Thibault De Smet
43%
4 Strasbourg (2020-2024) Matz Sels
41%
2 Lyon (2020-2022) Jason Denayer
38%
3 Lyon (2023-2026) Orel Mangala
38%
1 Strasbourg (2025-2026) Mike Penders
35%
1 Marseille (2025-2026) Arthur Vermeeren
32%
2 Lille (2024-2026) Matias Fernandez-Pardo
32%
1 Lille (2025-2026) Nathan Ngoy
30%
1 Lille (2021-2022) Amadou Onana
27%
1 Nice (2025-2026) Charles Vanhoutte
27%
1 Lille (2025-2026) Arnaud Bodart
19%
5 Monaco (2020-2025) Eliot Matazo
16%
3 Reims (2021-2024) Maxime Busi
16%
2 Clermont (2022-2024) Maximiliano Caufriez
14%
1 Monaco (2025-2026) Stanis Idumbo
14%
4 Reims (2020-2024) Thomas Foket
14%
1 Toulouse (2020-2021), Metz (2020-2021) Aaron Leya Iseka
8%
2 Lens (2023-2024), Rennes (2024-2025) Ayanda Sishuba
5%
1 Rennes (2024-2025) Kazeem Olaigbe
5%
2 Nantes (2020-2022) Renaud Emond
5%
1 Brest (2022-2023) Noah Fadiga
3%
1 Lille (2025-2026) Vincent Burlet
3%
1 Clermont (2022-2023) Brandon Baiye
0%
1 Toulouse (2022-2023) Brecht Dejagaere
0%
Aucun quiz correspondant
Distribution des résultats
% des personnes avec chaque résultat
Percentile par nombre de réponses
Votre historique - résultats
Vous n’avez pas pris ce quiz